| 000 | 00598nam a2200181 a 4500 | ||
|---|---|---|---|
| 001 | 000026788 | ||
| 005 | 20200930030419.0 | ||
| 008 | 110325s1976 dr c r 000 0 spa d | ||
| 040 |
_aDO-SdBNP _bspa _cBNPHU |
||
| 082 |
_axxxx _bL817r |
||
| 100 | 1 |
_aLockward Jaime A., _d1908- _953899 |
|
| 245 | 1 | 0 |
_aRelieves dominicanos / _cJaime A. Lockward. |
| 260 |
_aSanto Domingo : _bEditora del Caribe, _c1976. |
||
| 300 |
_a153 p. : _bretr. ; _c22 cm. |
||
| 500 | _aIncluye datos biográficos del autor en la contraportada | ||
| 500 | _aIncluye notas al pie de las páginas | ||
| 590 | _aInventariado, 2019/BT | ||
| 999 |
_c26280 _d26280 |
||